MARC

LEADER 00000nam0a2200000 4500
001 34460
005 20231101210233.0
035 |a (RuTPU)RU\TPU\book\34855 
035 |a BOOK00001506 
090 |a 34460 
100 |a 20011210d1962 m y0rusy50 ca 
101 0 |a rus 
102 |a RU 
105 |a a j 000zy 
200 1 |a Курс магниторазведки  |e учебное пособие  |f А. А. Логачев 
205 |a 2-е изд., испр. и доп. 
210 |a Ленинград  |c Гостоптехиздат  |d 1962 
215 |a 360 с.  |c ил. 
606 1 |a Магниторазведка скважинная  |2 stltpush  |3 (RuTPU)RU\TPU\subj\40878  |9 60708 
610 1 |a Земля 
610 1 |a магнитное поле 
610 1 |a горные породы 
610 1 |a магнитные свойства 
610 1 |a измерение 
610 1 |a теория 
610 1 |a примеры 
610 1 |a учебные пособия 
675 |a 550.832.8(075.8)  |v 4 
700 1 |a Логачев  |b А. А.  |g Александр Андреевич 
801 0 |a RU  |b 63413507  |c 20011210  |g PSBO 
801 2 |a RU  |b 63413507  |c 20210618  |g PSBO 
900 |a Магниторазведка 
942 |c BK